Bases Teórica para la mediación del Patrimonio Coorporativo en moneda corriente recuperable (Registro nro. 16796)
[ vista simple ]
| 000 -LEADER | |
|---|---|
| fixed length control field | 00380 a2200109 4500 |
| 001 - CONTROL NUMBER | |
| control field | ART_2579 |
| 005 - DATE AND TIME OF LATEST TRANSACTION | |
| control field | 20260410161719.0 |
| 008 - FIXED-LENGTH DATA ELEMENTS--GENERAL INFORMATION | |
| fixed length control field | 260409a |
| 100 1# - MAIN ENTRY--PERSONAL NAME | |
| Personal name | Biondi, Mario |
| 245 10 - TITLE STATEMENT | |
| Title | Bases Teórica para la mediación del Patrimonio Coorporativo en moneda corriente recuperable |
| 773 0# - HOST ITEM ENTRY | |
| Title | Contabilidad y auditoría |
| Related parts | - Año 17, Nº 33 (jun. 2011) |
| Record control number | REV1723 |
No hay ítems disponibles.